| Поле | Название | Значение |
| |
Тип записи |
a |
| |
Библиографический уровень |
m |
| 001 |
Контрольный номер |
RU/URAIT/598730 |
| 005 |
Дата корректировки |
20260429163654.7 |
| 008 |
Кодируемые данные |
260429s2026 RU y f j 000 0 rus u |
| 020 |
Индекс ISBN |
__ |
| a |
ISBN |
978-5-534-08584-6 |
| c |
Цена, тираж |
1129.00 |
| 040 |
Источник каталогиз. |
__ |
| a |
Служба первич. каталог. |
ИКО Юрайт |
| c |
Служба, преобразующая запись |
ИКО Юрайт |
| e |
Правила каталог. |
RCR |
| 041 |
Код языка издания |
__ |
| a |
Код языка текста |
rus |
| 044 |
Код страны публикации |
__ |
| a |
Код страны публикации |
RU |
| 080 |
Индекс УДК |
__ |
| a |
Индекс УДК |
159.923(075.8) |
| 084 |
Индекс другой классификации/Индекс ББК |
__ |
| 2 |
Источник индекса |
rubbk |
| a |
Индекс другой классификации/Индекс ББК |
88.3я73 |
| 100 |
Автор |
__ |
| a |
Автор |
Глозман Ж. М. |
| q |
Полное имя |
Глозман Жанна Марковна |
| 245 |
Заглавие |
__ |
| a |
Заглавие |
Психология. Общение и здоровье личности |
| b |
Продолж. заглавия |
учебник для вузов |
| c |
Ответственность |
Ж. М. Глозман. |
| 250 |
Сведения об издании |
__ |
| g |
|
испр. и доп |
| a |
Основные сведения об издании |
2-е изд. |
| 256 |
Характеристики компьютерного файла |
__ |
| a |
Характеристики компьютерного файла |
Электрон. дан. |
| 260 |
Выходные данные |
__ |
| a |
Место издания |
Москва |
| b |
Издательство |
Юрайт |
| c |
Дата издания |
2026 |
| 300 |
Физическое описание |
__ |
| a |
Объем |
193 с |
| 440 |
Серия |
__ |
| a |
Серия |
Высшее образование |
| 500 |
Примечания |
__ |
| a |
Примечание |
URL: https://urait.ru/bcode/598730 (дата обращения: 29.04.2026). |
| 520 |
Аннотация |
__ |
| a |
Аннотация |
В курсе описана компонентная структура различных звеньев общения и проанализировано вовлечение отдельных компонентов в структуру различных по этиологии и феноменологии нарушений общения. Рассматриваются методические проблемы, возникающие при исследовании личности больных с нарушениями, и описываются некоторые новые методики и методические приемы исследования. Проанализирована деятельность малой терапевтической группы больных с нарушениями общения, факторы, определяющие эффективность групповой реабилитации, возможности использования взаимосвязи трех сторон общения (коммуникативной, перцептивной и интерактивной) в качестве опоры в процессе восстановления личности и общения. |
| 538 |
Прим. о системных особенностях |
__ |
| a |
Прим. о системных особенностях |
Режим доступа: Электронно-библиотечная система Юрайт, для авториз. пользователей |
| 653 |
Ключевые слова |
__ |
| a |
Ключевые слова |
Психология личности и семейная психология |
| 653 |
Ключевые слова |
__ |
| a |
Ключевые слова |
Педагогика, психология, социальная работа |
| 653 |
Ключевые слова |
__ |
| a |
Ключевые слова |
Психология |
| 653 |
Ключевые слова |
__ |
| a |
Ключевые слова |
Психология личности |
| 653 |
Ключевые слова |
__ |
| a |
Ключевые слова |
Психология общения |
| 653 |
Ключевые слова |
__ |
| a |
Ключевые слова |
Психология делового общения |
| 653 |
Ключевые слова |
__ |
| a |
Ключевые слова |
Основы психологии |
| 653 |
Ключевые слова |
__ |
| a |
Ключевые слова |
Введение в психологию |
| 653 |
Ключевые слова |
__ |
| a |
Ключевые слова |
Психология деловых отношений |
| 653 |
Ключевые слова |
__ |
| a |
Ключевые слова |
Психология деловых коммуникаций |
| 653 |
Ключевые слова |
__ |
| a |
Ключевые слова |
Психология делового общения в профессиональной сфере |
| 653 |
Ключевые слова |
__ |
| a |
Ключевые слова |
Социальная психология и психология общения |
| 653 |
Ключевые слова |
__ |
| a |
Ключевые слова |
Психология и культура общения |
| 653 |
Ключевые слова |
__ |
| a |
Ключевые слова |
Психология безопасного общения |
| 653 |
Ключевые слова |
__ |
| a |
Ключевые слова |
Психология общения и социального взаимодействия |
| 653 |
Ключевые слова |
__ |
| a |
Ключевые слова |
Сложности психологии общения |
| 653 |
Ключевые слова |
__ |
| a |
Ключевые слова |
Психологические основы культуры общения и поведения |
| 856 |
Электронный адрес документа |
40 |
| n |
Местонахождение сервера |
Юрайт |
| g |
|
Электронная книга |
| q |
Тип электронного формата |
html |
| h |
Имя пользователя |
ЮРАЙТ |
| v |
Часы доступа к ресурсу |
20271231 |
| 2 |
Способ доступа |
Показать документ |
| x |
Служебное примечание |
https://urait.ru/book/cover/B7D3A1BA-6976-45F0-8D1A-4BE262F5380B |
| u |
URL |
https://urait.ru/bcode/598730 |
| 856 |
Электронный адрес документа |
48 |
| q |
Тип электронного формата |
cover |
| u |
URL |
https://urait.ru/book/cover/B7D3A1BA-6976-45F0-8D1A-4BE262F5380B |
| 911 |
|
__ |
| u |
|
0030=https://urait.ru/bcode/598730 |
| 911 |
|
__ |
| u |
|
073a=9785534085846 |
| u |
|
073d=1129.00 |
| 911 |
|
__ |
| u |
|
106a=s |
| 911 |
|
__ |
| u |
|
900l= |
| 952 |
Тип литературы |
__ |
| i |
Дисциплина |
Психология |
| 952 |
Тип литературы |
__ |
| i |
Дисциплина |
Психология личности |
| 952 |
Тип литературы |
__ |
| i |
Дисциплина |
Психология общения |
| 952 |
Тип литературы |
__ |
| i |
Дисциплина |
Психология делового общения |
| 952 |
Тип литературы |
__ |
| i |
Дисциплина |
Основы психологии |
| 952 |
Тип литературы |
__ |
| i |
Дисциплина |
Введение в психологию |
| 952 |
Тип литературы |
__ |
| i |
Дисциплина |
Психология деловых отношений |
| 952 |
Тип литературы |
__ |
| i |
Дисциплина |
Психология деловых коммуникаций |
| 952 |
Тип литературы |
__ |
| i |
Дисциплина |
Психология делового общения в профессиональной сфере |
| 952 |
Тип литературы |
__ |
| i |
Дисциплина |
Социальная психология и психология общения |
| 952 |
Тип литературы |
__ |
| i |
Дисциплина |
Психология и культура общения |
| 952 |
Тип литературы |
__ |
| i |
Дисциплина |
Психология безопасного общения |
| 952 |
Тип литературы |
__ |
| i |
Дисциплина |
Психология общения и социального взаимодействия |
| 952 |
Тип литературы |
__ |
| i |
Дисциплина |
Сложности психологии общения |
| 952 |
Тип литературы |
__ |
| i |
Дисциплина |
Психологические основы культуры общения и поведения |